000 00861nam a2200229 a 4500
001 59848
003 BD-RjUL
005 20211209080756.0
008 161227s2002 bg a|||| |||| 00| 0 ben d
020 _c: Tk. 100.00
035 _a(BD-RjUL) 59972
040 _aBD-RjUL
_bben
_cBD-RjUL
041 _aben
082 _223
_a330.297
_bHAA 2002
100 1 _aহক, মোহাম্মদ জিয়াউল
_9178085
245 1 0 _aআল-কোরআনের আলোকে অর্থনীতি /
_cমোহাম্মদ জিয়াউল হক
260 _aঢাকা :
_bপ্রিয়বই প্রকাশনী,
_c২০০২
300 _a১৮৪ পৃ. :
_bচিত্র ;
_c২১ সেমি.
650 _a অর্থনীতি
_xইসলাম
_9178086
650 _aEconomics
_xIslam
_9178087
942 _2ddc
_cBK
999 _c59848
_d59848